|
|
|
|
| LEADER |
01236nam a2200253 a 4500 |
| 001 |
GR-MES1077 |
| 008 |
991111s gr 000 0 gre d |
| 040 |
|
|
|a GrPaTEI
|b gre
|c GR-PaULI
|
| 245 |
0 |
0 |
|a Οικονομική ιστορία της νεώτερης Ελλάδας
|n 2ος .
|p απο το 1831 μέχρι το 1897.
|
| 260 |
|
|
|a Αθήνα :
|b Παπαζήσης
|
| 300 |
|
|
|a 303σελ.
|
| 650 |
|
4 |
|a ΑΝΤΙΒΑΣΙΛΕΙΑ
|
| 650 |
|
4 |
|a ΜΟΝΑΡΧΙΑ
|
| 650 |
|
4 |
|a ΝΕΩΤΕΡΗ ΕΛΛΑΔΑ
|
| 650 |
|
4 |
|a Οικονομική ιστορία
|
| 650 |
1 |
0 |
|a 1831-1897
|
| 700 |
1 |
|
|a Κατσούλης, Γιώργης
|
| 700 |
1 |
|
|a Νικολινάκου, Μάριος
|
| 700 |
1 |
|
|a Φίλιας, Βασίλης Ι.,
|d 1927-2018.
|
| 942 |
|
|
|2 ddc
|
| 952 |
|
|
|0 0
|1 0
|2 ddc
|4 0
|6 330_945000000000000_ΚΑΤ
|7 0
|9 264925
|a MSLG
|b MSLG
|c BSC
|d 2021-01-17
|e 24
|f 1
|g 0.00
|l 0
|o 330.945 ΚΑΤ
|p 2420000004864
|r 2021-01-17 00:00:00
|t 1
|w 2021-01-17
|y BK15
|x 19991111 0 1
|x GrPaTEI
|
| 952 |
|
|
|0 0
|1 0
|2 ddc
|4 0
|6 330_945000000000000_ΚΑΤ
|7 0
|9 264926
|a MSLG
|b MSLG
|c BSC
|d 2021-01-17
|e 24
|f 0
|g 0.00
|l 0
|o 330.945 ΚΑΤ
|p 2420000005108
|r 2021-01-17 00:00:00
|t 1
|w 2021-01-17
|y BK15
|x 19991111 0 1
|x GrPaTEI
|
| 971 |
|
|
|a .b25721197
|b 19-05-20
|c 13-09-16
|
| 999 |
|
|
|c 152355
|d 152355
|